Every Song by Crass - Statistics

General Stats
  • This quiz has been taken 2 times
  • The average score is 12 of 114
Answer Stats
Album Song % Correct
The Feeding of the 5000(1978) Asylum
100%
Ten Notes on a Summer's Day(1986) Ten Notes on a Summer's Day
100%
The Feeding of the 5000(1978) Angels
50%
Penis Envy(1981) Bata Motel
50%
Well Forked... But Not Dead(1982) Big A Little A
50%
The Feeding of the 5000(1978) Do They Owe Us a Living?
50%
The Feeding of the 5000(1978) General Bacardi
50%
Stations of the Crass(1979) Hurry Up Garry (The Parsons Farted)
50%
Penis Envy(1981) Our Wedding
50%
The Crassical Collection(2010) Outro
50%
Best Before 1984(1986) Reality Asylum
50%
The Feeding of the 5000(1978) Securicor
50%
Stations of the Crass(1979) Shaved Women
50%
Best Before 1984(1986) Sheep Farming in the Falklands
50%
Penis Envy(1981) Smother Love
50%
The Feeding of the 5000(1978) They've Got a Bomb
50%
Stations of the Crass(1979) Walls (Fun in the Oven)
50%
The Feeding of the 5000(1978) Well?...Do They?
50%
Penis Envy(1981) Where Next Columbus?
50%
Best Before 1984(Bonus)(2019) Who Dunnit?
50%
The Feeding of the 5000(1978) Women
50%
Yes Sir, I Will(1983) Anarchy's Just Another Word
0%
Best Before 1984(1986) Angela Rippon
0%
Well Forked... But Not Dead(1982) A Part of Life
0%
Well Forked... But Not Dead(1982) Arlington 73
0%
Yes Sir, I Will(1983) A Rock 'n' Roll Swindler
0%
The Feeding of the 5000(1978) Banned from the Roxy
0%
Well Forked... But Not Dead(1982) Bata Motel Blues
0%
Christ – The Album(1982) Beg Your Pardon
0%
Penis Envy(1981) Berkertex Bribe
0%
Well Forked... But Not Dead(1982) Big Hands
0%
Stations of the Crass(1979) Big Man, Big M.A.N.
0%
The Crassical Collection(2010) Bird of a Nation
0%
Christ – The Album(1982) Birth Control 'n' Rock 'n' Roll
0%
Best Before 1984(1986) Bloody Revolutions
0%
Well Forked... But Not Dead(1982) Bomb Plus Tape
0%
Christ – The Album(1982) Bumhooler
0%
Yes Sir, I Will(1983) Burying the Hatchet
0%
Christ – The Album(1982) Buy Now Pay As You Go
0%
Stations of the Crass(1979) Chairman of the Bored
0%
Stations of the Crass(1979) Contaminational Power
0%
Stations of the Crass(1979) Crutch of Society
0%
Stations of the Crass(1979) Darling
0%
Christ – The Album(1982) Deadhead
0%
The Crassical Collection(2010) Demolition
0%
Stations of the Crass(1979) Demoncrats
0%
The Crassical Collection(2010) 37
0%
Well Forked... But Not Dead(1982) The Sound of One Hand
0%
Best Before 1984(1986) Don't Get Caught
0%
Best Before 1984(1986) Don't Tell Me You Care
0%
Penis Envy(1981) Dry Weather
0%
Best Before 1984(Bonus)(2019) Eggar in Your Face
0%
The Feeding of the 5000(1978) End Result
0%
The Feeding of the 5000(1978) Fight War, Not Wars
0%
Well Forked... But Not Dead(1982) First Woman
0%
Well Forked... But Not Dead(1982) Fold It in Half
0%
Stations of the Crass(1979) Fun Going On
0%
Best Before 1984(1986) Gotcha
0%
The Feeding of the 5000(1978) G's Song
0%
Christ – The Album(1982) Have a Nice Day
0%
Penis Envy(1981) Health Surface
0%
Stations of the Crass(1979) Heard Too Much About
0%
The Crassical Collection(2010) Heartbeat of the Mortuary
0%
Best Before 1984(1986) How Does It Feel?
0%
Stations of the Crass(1979) I Ain't Thick, It's Just a Trick
0%
Well Forked... But Not Dead(1982) I Can't Stand It
0%
The Crassical Collection(2010) I Don't Like It
0%
Christ – The Album(1982) I Know There Is Love
0%
Christ – The Album(1982) It's the Greatest Working Class Rip-Off
0%
Christ – The Album(1982) Major General Despair
0%
Best Before 1984(Bonus)(2019) Merry Crassmas
0%
Stations of the Crass(1979) Mother-Earth
0%
Christ – The Album(1982) Mother Love
0%
The Crassical Collection(2010) Mouthing the Words
0%
Best Before 1984(1986) Nagasaki is Yesterday's Dog-End
0%
Well Forked... But Not Dead(1982) Nagasaki Nightmare
0%
Christ – The Album(1982) Nineteen Eighty Bore
0%
Best Before 1984(Bonus)(2019) Over the Rainbow
0%
The Crassical Collection(2010) Pills and Ills
0%
The Crassical Collection(2010) Pissedorf
0%
Penis Envy(1981) Poison in a Pretty Pill
0%
Stations of the Crass(1979) Prime Sinister
0%
The Feeding of the 5000(1978) Punk Is Dead
0%
Best Before 1984(Bonus)(2019) Questions in the House
0%
Christ – The Album(1982) Reality Whitewash
0%
The Feeding of the 5000(1978) Reject of Society
0%
Best Before 1984(1986) Rival Tribal Rebel Revel
0%
Christ – The Album(1982) Rival Tribal Revel Rebel, Part 2
0%
Yes Sir, I Will(1983) Rocky Eyes
0%
Well Forked... But Not Dead(1982) Salt 'n' Pepper
0%
Christ – The Album(1982) Sentiment (White Feathers)
0%
Best Before 1984(1986) Smash the Mac
0%
The Feeding of the 5000(1978) So What
0%
Yes Sir, I Will(1983) Speed or Greed
0%
Yes Sir, I Will(1983) Step Outside
0%
The Feeding of the 5000(1978) Sucks
0%
Stations of the Crass(1979) System
0%
Penis Envy(1981) Systematic Death
0%
Yes Sir, I Will(1983) Taking Sides
0%
Yes Sir, I Will(1983) The Five Knuckle Shuffle
0%
Stations of the Crass(1979) The Gasman Cometh
0%
Best Before 1984(1986) The Immortal Death
0%
Stations of the Crass(1979) Time Out
0%
Stations of the Crass(1979) Tired
0%
Stations of the Crass(1979) Upright Citizen
0%
The Feeding of the 5000(1978) What a Shame
0%
Penis Envy(1981) What the Fuck?
0%
Stations of the Crass(1979) White Punks on Hope
0%
The Crassical Collection(2010) Yes, Folks
0%
The Crassical Collection(2010) Yorkie Talk
0%
Christ – The Album(1982) You Can Be Who?
0%
The Feeding of the 5000(1978) You Pay
0%
Best Before 1984(1986) You're Already Dead
0%
Stations of the Crass(1979) You've Got Big Hands
0%
No matching quizzes found
Score Distribution
Percent of People with Each Score
Percentile by Number Answered
Your Score History
You have not taken this quiz